ბათუმის შოთა რუსთაველის სახელმწიფო უნივერსიტეტის ბიბლიოთეკა

ლექსები (ბიბ.ჩანაწერი № 42230)

000 -LEADER
fixed length control field 00548nam a2200205Ia 4500
001 - CONTROL NUMBER
control field 8925
003 - CONTROL NUMBER IDENTIFIER
control field GE_BSU
008 - FIXED-LENGTH DATA ELEMENTS--GENERAL INFORMATION
fixed length control field 181216s||||||||xx |||||||||||||| ||und||
040 ## - CATALOGING SOURCE
Transcribing agency GE_BSU
080 ## - UNIVERSAL DECIMAL CLASSIFICATION NUMBER
Universal Decimal Classification number 821.353.1–1
100 ## - MAIN ENTRY--PERSONAL NAME
Personal name კაჭახიძე,გიორგი
245 ## - TITLE STATEMENT
Title ლექსები
245 ## - TITLE STATEMENT
Statement of responsibility, etc. რედ.ს.თურმანიძე
260 ## - PUBLICATION, DISTRIBUTION, ETC.
Place of publication, distribution, etc. ტფილისი
260 ## - PUBLICATION, DISTRIBUTION, ETC.
Name of publisher, distributor, etc. ფედერაცია
260 ## - PUBLICATION, DISTRIBUTION, ETC.
Date of publication, distribution, etc. 1936
300 ## - PHYSICAL DESCRIPTION
Extent 85გვ.18სმ.
653 ## - INDEX TERM--UNCONTROLLED
Uncontrolled term ლექსები
942 ## - ADDED ENTRY ELEMENTS (KOHA)
Koha item type წიგნი
ეგზემპლარები
Withdrawn status Lost status Damaged status Not for loan Date acquired Barcode Date last seen Price effective from Koha item type
        2018-12-17 31445 2018-12-17 2018-12-17 წიგნი
        2018-12-17 31446 2018-12-17 2018-12-17 წიგნი
        2018-12-17 31447 2018-12-17 2018-12-17 წიგნი
        2018-12-17 31448 2018-12-17 2018-12-17 წიგნი
        2018-12-17 31449 2018-12-17 2018-12-17 წიგნი
        2018-12-17 31450 2018-12-17 2018-12-17 წიგნი
        2018-12-17 31451 2018-12-17 2018-12-17 წიგნი
        2018-12-17 22328 აგრარ-ტექნოლ 2018-12-17 2018-12-17 წიგნი